000 00236nam a22000857a 4500
008 160705b xxu||||| |||| 00| 0 eng d
100 _92232
_a Sreeramulu, G
245 _aPlanning and Expenditure on Education
260 _aDelhi
_b Kalpaz
_c2005
999 _c1920
_d1920